000 00688nam a22002172 4500
001 0000000850
005 20151021151050.0
008 070221s xx 000 0 eng d
020 _a0745911684 :
_cKES 1,900
040 _aKABU
_cKABU
050 0 _aBS2330.2
_b.D73
100 1 _aDrane, John.
_@0000149127
245 1 0 _aIntroducing the New Testament /
_cJohn Drane.
260 _aOxford :
_bLion Publishing,
_cc1986.
300 _a479 p. :
_bill. ;
_c24 cm.
504 _aIncludes bibliographical references and index.
630 0 0 _aBible. N.T.
_xIntroductions.
_@0000149234
852 1 _9p2900 KES
908 _a070221
950 _@1
999 _c278
_d278